00274nam a22000857a 4500008004100000082001700041245005300058260006800111300000900179230704b xxu||||| |||| 00| 0 eng d a342.430bFRG aThe Basic Law of the Federal Republic of Germany aGermanybPress and Information Office of the Federal Government a170p